Pinocchio - I've Got No Strings Lyrics - Statistics

General Stats
  • This quiz has been taken 44 times
  • The average score is 58 of 81
Answer Stats
Answer % Correct
I
100%
I
100%
I
100%
me
97%
me
97%
me
97%
me
97%
me
97%
me
97%
me
97%
strings
97%
strings
97%
strings
97%
strings
97%
strings
97%
strings
97%
strings
97%
no
95%
no
95%
no
95%
no
95%
no
95%
to
95%
To
95%
to
95%
to
95%
to
95%
got
92%
got
92%
got
92%
hold
89%
I've
89%
I've
89%
down
87%
make
84%
make
84%
on
82%
on
82%
on
82%
frown
76%
the
74%
the
74%
the
74%
There
66%
There
66%
There
66%
are
63%
are
63%
are
63%
but
63%
but
63%
or
63%
had
61%
free
55%
have
55%
not
55%
i'm
53%
I'm
53%
now
53%
want
53%
world
53%
can
50%
know
50%
so
50%
fret
47%
see
47%
you
47%
ever
45%
Nothing
42%
worries
39%
be
37%
only
37%
up
37%
way
37%
That's
34%
anyone
29%
fun
29%
tied
29%
Hi-ho
26%
merry-o
24%
They've
24%
No matching quizzes found
Score Distribution
Percent of People with Each Score
Percentile by Number Answered
Your Score History
You have not taken this quiz